Statistics for State Fruits, Veggies and Nuts With an Empty Map

Click here to take the quiz!

General Stats

  • This quiz has been taken 187 times
  • The average score is 25 of 33

Answers on the Map

Answers color-coded by a green-red scale on the quiz's map according to % correct below.
 

Answer Stats

State% Correct
Illinois / Gold Rush Apple / Sweet Corn / Corn
95%
New York / Apple
95%
Washington / Walla Walla Apple / Walla Walla Sweet Onion
95%
Minnesota / Honeycrisp Apple
94%
Rhode Island / Rhode Island Greening Apple
94%
Vermont / Apple / Gilfeather Turnip
94%
West Virginia / Golden Delicious Apple
94%
South Carolina / Peach / Boiled Peanuts / Collard Greens
92%
North Carolina / Blueberry / Strawberry / Scuppernong Grape / Sweet Potato
91%
Georgia / Peach / Vidalia Sweet Onion
90%
Alabama / Blackberry / Peach / Pecan / Sweet Potato
88%
New Hampshire / Pumpkin / White Potato
88%
Idaho / Huckleberry / Potato
86%
Missouri / Grape / Black Walnut
86%
California / Almond / Walnut / Pistachio / Pecan
85%
Florida / Orange
85%
Texas / Texas Red Grapefruit / Pumpkin / Jalapeño / Chiltepin / Sweet Onion / Pecan / Pumpkin
85%
Oklahoma / Strawberry / Watermelon
84%
Arkansas / Grape / Pecan
83%
Wisconsin / Cranberry / Corn / Zea Mays / Maize
80%
Louisiana / Strawberry / Sweet Potato
80%
Utah / Sugar Beet / Cherry / Spanish Sweet Onion
80%
Delaware / Strawberry
79%
Oregon / Pear / Hazelnut / Filbert
76%
Maine / Wild Blueberry
70%
New Jersey / Northern highbush blueberry
70%
Kentucky / Blackberry
52%
Massachusetts / Cranberry
51%
Arizona / Tomato
50%
Ohio / Tomato / Pawpaw
50%
Tennessee / Tomato
50%
New Mexico / New Mexico Chile
9%
North Dakota / Chokecherry
6%

Score Distribution

Percentile by Number Answered

Percent of People with Each Score

Your Score History

You have not taken this quiz